Statistics for Countries on the same latitude as Manchester

Click here to take the quiz!

General Stats

  • This quiz has been taken 168 times
  • The average score is 10 of 11

Answers on the Map

Answers color-coded by a green-red scale on the quiz's map according to % correct below.
 

Answer Stats

Answer% Correct
Canada
99%
Russia
96%
Germany
94%
Ireland
94%
Poland
94%
United States
93%
United Kingdom
91%
Belarus
90%
Netherlands
89%
China
86%
Kazakhstan
86%

Score Distribution

Percentile by Number Answered

Percent of People with Each Score

Your Score History

You have not taken this quiz